Bienales culturales latinoamericanas en peligro (Record no. 266)

MARC details
000 -LEADER
campo de control de longitud fija 00484 a2200133 4500
020 ## - NÚMERO INTERNACIONAL ESTÁNDAR DEL LIBRO
Número Internacional Estándar del Libro 929012055X
082 ## - NÚMERO DE LA CLASIFICACIÓN DECIMAL DEWEY
Número de clasificación 707
Número de ítem B588b
110 ## - ENTRADA PRINCIPAL--NOMBRE DE ENTIDAD CORPORATIVA
Nombre de entidad corporativa o nombre de jurisdicción como elemento de entrada International Council of Museums (ICOM)
9 (RLIN) 1221
245 ## - MENCIÓN DEL TÍTULO
Título Bienales culturales latinoamericanas en peligro
Resto del título Latin-American Cultural Objects at risck
260 ## - PUBLICACIÓN, DISTRIBUCIÓN, ETC.
Nombre del editor, distribuidor, etc. ICOM
Fecha de publicación, distribución, etc. 2003
300 ## - DESCRIPCIÓN FÍSICA
Extensión 68 p
Otras características físicas ill (col)
Dimensiones 27 cm
650 ## - PUNTO DE ACCESO ADICIONAL DE MATERIA--TÉRMINO DE MATERIA
Subdivisión general arte en peligro
-- arte prehispanico
-- arte colonial
-- comercio de bienes culturales
Subdivisión geográfica latinoamerica
9 (RLIN) 1222
710 ## - ENTRADA AGREGADA--NOMBRE DE ENTIDAD CORPORATIVA
Nombre de entidad corporativa o nombre de jurisdicción como elemento de entrada ICOM
9 (RLIN) 1223
Holdings
Estatus retirado Estado de pérdida Fuente del sistema de clasificación o colocación Estado de daño No para préstamo Biblioteca de origen Biblioteca actual Ubicación en estantería Fecha de adquisición Total de préstamos Signatura topográfica completa Código de barras Visto por última vez Precio de reemplazo Tipo de ítem Koha
    Clasificación Decimal Dewey     Biblioteca LadoV Biblioteca LadoV   11/07/2014   707 B588b 000262 11/07/2014 11/07/2014 Material 01